000 00624cab a2200217 4500
001 ABS46820
008 090401t1992 xxu||||| |||| 00| 0 eng d
035 _a(Sirsi) u59576
041 _aeng
245 _aResearch Committee draw up strategy for the RICS
260 _c1992
350 _a0
490 _aRICS Explorer
_v(5) June 1992, 1-2(2)
520 _aOutlines the research strategy drawn up by the RICS Research Committee.
650 _aRESEARCH
650 _aRICS RESEARCH STRATEGY
650 _aRICS
690 _aMANAGEMENT-BUSINESS MANAGEMENT-PROFESSIONAL PRACTICE
942 _n0
948 _c04/03/1997
999 _c36566
_d36566